000 00417nam a2200145 i 4500
001 36492
003 ES-MaACL
005 20230906155400.0
007 t|
008 030218s1874 gw ||||1| ger d
100 1 _aBulmerincq, August.
_932527
245 1 0 _aPraxis, theorie und codification des Nölkerrechts /
_cAugust Bulmerincq.
260 _aLeipzig :
_bDuneter und Humblot,
_c1874.
852 _aES-MaACL
_jT-430-F-1
999 _c36492
_d36492